000
00441nam a2200157Ia 4500
008
090711s9999 xx 000 0 und d
082
_b
38354
100
_a
प्रफुल्लदत्त
245
_a
तो दिवस
260
_c
1945
600
_a
प्रफुल्लदत्त
630
_a
तो दिवस
700
_a
प्रफुल्लदत्त
730
_a
तो दिवस
942
_c
BOOK
999
_c
304681
_d
304681